000 00323nam a2200133Ia 4500
008 191201s2008 xx 000 0 und d
082 _a621.3825
_bKAS
100 _aKATIYAR, Sapna
245 0 _aSatellite Communication
260 _aN. Delhi
_bS.K.Kataria
_c2008
300 _a429
650 _aB.Tech(ECE)
942 _2ddc
_cBK
999 _c6652
_d6652